000 00905cam a2200277 a 4500
001 18462
003 BD-RjUL
005 20211209000305.0
008 140220s1965 enkabcf b 001 0beng d
035 _aOCLC ocm00039491 from D960506M
_a(BD-RjUL)18520
040 _aDLC
_cDLC
_dUKM
_dEQO
_dBD-RjUL
_beng
041 _aeng
082 _a821.7
_bMOW 1965
100 1 _aMoorman, Mary Trevelyan.
_d1905-
_956885
245 1 0 _aWilliam Wordsworth :
_ba biography /
_cby Mary Moorman.
260 _aLondon :
_bOxford University Press,
_cc1965.
300 _a632 p. ;
_c21 cm.
490 1 _aOxford paperbacks ;
504 _aIncludes bibliographical footnotes & Index.
600 1 0 _aWordsworth, William,
_d1770-1850.
_956909
650 0 _aPoets, English
_y19th century
_vBiography.
_955518
830 0 _v145, 146.
_956910
830 0 _aOxford paperbacks ;
_956911
942 _2ddc
_cBK
999 _c18462
_d18462